Gezeichnete Formel 1 (F1) Fahrer erkennen - Statistiken

Allgemein
  • Dieses Quiz wurde 224 mal gespielt
  • Das Durchschnittsergebnis liegt bei 11 aus 12
Antwortstatistiken
Bildquiz Antwort % Korrekt
Lewis Hamilton
99%
Max Verstappen
99%
Fernando Alonso
96%
Michael Schumacher
96%
Charles Leclerc
95%
Lando Norris
95%
Sebastian Vettel
94%
Nico Hülkenberg
90%
George Russell
85%
Ayrton Senna
82%
Mika Häkkinen
69%
Nico Rosberg
65%
Keine übereinstimmenden Quizze gefunden
Verteilung der Resultate
Anzahl Personen mit jedem Resultat
Perzentil nach korrekt beantworteten Fragen
Ihre Resultats-Entwicklung
Sie haben dieses Quiz noch nicht gespielt